000 00588nam a2200145 a 4500
001 000038804
005 20201002031358.0
008 130425s1976 sp ac 000 0 spa d
040 _aDO-SdBNP
_bspa
_cBNPHU
100 1 _aBorbón-Parma, Carlos Hugo, de
_965103
245 1 0 _aQué es el carlismo /
_cCarlos Hugo de Borbón-Parma. seguido de Las formas de gobierno y el carlismo / José María Zavala.
260 _aBarcelona :
_bLa Gaya Ciencia,
_c1976.
300 _a79 p. :
_bil., retrs. ;
_c17 cm.
700 1 _aZavala, José María
_qZavala y Castella.
_tFormas de gobierno y el carlismo
_965104
999 _c38294
_d38294